| 000 | 01296nam a2200301 i 4500 | ||
|---|---|---|---|
| 999 |
_c65010 _d65010 |
||
| 001 | 768714001 | ||
| 003 | CO-MdFUSB | ||
| 005 | 20190507153143.0 | ||
| 007 | ta | ||
| 008 | 190507t1998 ilu||||| |||| 00| 0 eng d | ||
| 020 |
_a0830815007 _q(pbk : alk. paper). |
||
| 040 |
_aCO-MdFUSB _bspa _cCO-MdFUSB _dCO-MdFUSBC _erda |
||
| 041 | _aeng | ||
| 082 |
_221 _a270.1 _bH174 |
||
| 100 |
_aHall, Christopher A. _d1950- _eautor. |
||
| 245 |
_aReading scripture with the church fathers. _c/ Christopher A. Hall |
||
| 264 | 1 |
_aDowners Gorve, llinois : _bInterVarsity Press, _c[1998] |
|
| 264 | 4 | _c©1998 | |
| 300 |
_a223 páginas. _c; 21 cm. |
||
| 336 |
_2rdacontent _atexto _btxt |
||
| 337 |
_2rdamedia _asin mediación _bn |
||
| 338 |
_2rdacarrier _avolumen _bnc |
||
| 504 | _aReferencias bibliográficas. | ||
| 505 | _aPor qué leer los padres? -- La mente moderna y la interpretación bíblica -- Quienes son los Padres -- Los cuatro doctores del Este: Atanasio, Gregorio Nacianceno, Basilio el Grande, y Juan Crisóstomo. -- Los cuatro doctores del este: Ambrosío, Jeronimo, Agustino y Gregorio el Grande. -- Los padres y las escrituras : Exegesis sobre alejandría -- Los pares y las escrituras: respuesta de Antioch. | ||
| 563 | _aRústico | ||
| 650 | 7 |
_959 _aPadres de la Iglesia |
|
| 942 | _cBK | ||